000 01050nam a22003137a 4500
003 CHAP
005 20220329140545.0
008 971013s r 00010 d
010 _a53900
011 _a54872
035 _a59024
040 _cCHAP
090 _aR-2111
100 0 0 _aWijk, A. L. M.
_9121884
245 _aGrowth reactions of carnation, measured by net photosynthesis, on different air contents of the soil
500 _aSobretiro de: Netherlands Journal of Agricultural Science 18:149-157, 1970
590 _aBATCH-UPD
_b10
_c20130110
_lUCH01
_h0226
590 _aBATCH-UPD
_b10
_c20130110
_lUCH01
_h1822
590 _aBATCH-UPD
_b10
_c20130410
_lUCH01
_h1155
590 _aBATCH-UPD
_b10
_c20130914
_lUCH01
_h0754
590 _aCONVERSION
_b10
_c20130109
_lUCH01
_h1329
650 1 4 _aClavel
_xEfecto del medio ambiente.
_923700
650 1 4 _aFotosíntesis.
_942737
650 1 4 _aSuelos
_xAereación.
_9110195
700 0 _aBuitendijk, J.
_916008
901 _aBK
942 _cREIMP
949 _aR-2111
_bBC
_cR
_d-127803
_eTS1
_i59024
_si
999 _c53900
_d53900